000
00278nam a2200097Ia 4500
082
_a
808.068 BROO
245
0
_a
Writing great books for young adults
100
_a
Brooks, Regina Naperville, Ill., 2009
_9
21231
942
_c
BK
008
210817s9999 xx 000 0 und d
999
_c
397067
_d
397066